The major markets for unmanufactured tobacco

Bewaard in:
Bibliografische gegevens
Formaat: Boek
Taal:Undetermined
Gepubliceerd in: Geneva Geneva 1968
Onderwerpen:
Tags: Voeg label toe
Geen labels, Wees de eerste die dit record labelt!
Thư viện lưu trữ: Trung tâm Học liệu Trường Đại học Cần Thơ
LEADER 00462nam a2200169Ia 4500
001 CTU_77401
008 210402s9999 xx 000 0 und d
082 |a 380.1 
082 |b M324 
245 4 |a The major markets for unmanufactured tobacco 
245 0 |c Internatrional Trade Centre 
260 |a Geneva 
260 |b Geneva 
260 |c 1968 
650 |a Tobacco industry 
904 |i Trọng Hải 
980 |a Trung tâm Học liệu Trường Đại học Cần Thơ